| 000 | 00916cam a2200265 a 4500 | ||
|---|---|---|---|
| 999 |
_c869 _d869 |
||
| 001 | (Sirsi) a900795 | ||
| 003 | OSt | ||
| 005 | 20191224114015.0 | ||
| 008 | 150612s2015 stk d 000 1 eng d | ||
| 020 |
_a9781781124505 _q(pbk.) : |
||
| 020 |
_a1781124507 _q(pbk.) : |
||
| 040 |
_aTT _beng _cTAE |
||
| 042 | _anbic | ||
| 082 | _aFIC BRO | ||
| 100 | 1 |
_aBrooks, Kevin, _d1959- _eauthor |
|
| 245 | 1 | 4 |
_aThe devil's angel / _cKevin Brooks. |
| 260 |
_aEdinburgh : _bBarrington Stoke, _c2015. |
||
| 300 |
_a97 p. ; _c20 cm. |
||
| 440 | _aSuper readable | ||
| 520 | _a"It's half way into the summer term of Year 10 when Dean storms into Jack's life. Dean's scary, but he's exciting too, and soon the two boys are on course for a summer that will change their lives forever"--Back cover. | ||
| 521 | 1 | _a13-18. | |
| 650 | 0 |
_aFriendship _vJuvenile fiction. |
|
| 650 | 0 |
_aTeenagers _vJuvenile fiction. |
|
| 942 |
_2ddc _cFIC |
||